| 000 | 00633cam a22002171 4500 | ||
|---|---|---|---|
| 001 | af 46001398 | ||
| 003 | DLC | ||
| 005 | 20260227110759.0 | ||
| 008 | 791114s1943 au 000 1 ger c | ||
| 010 | _aaf 46001398 | ||
| 035 | _a(OCoLC)5693403 | ||
| 040 |
_aPrinceton Univ. Library _cGAT _dDLC |
||
| 042 | _apremarc | ||
| 050 | 0 | 0 |
_aPT2621.U9 _bU5 1943 |
| 100 | 1 |
_aKuthe, Eugen, _d1898- |
|
| 245 | 1 | 4 |
_aDer Unsterblichkeits-Konzern, _bein Zeitbild. |
| 260 |
_aSalzburg, _bVerlag "Das Bergland-Buch" _c[1943] |
||
| 300 |
_a231 p. _c20 cm. |
||
| 490 | 0 | _a"Das Bergland-Buch" | |
| 500 | _aAuthor's pseud., Horst Uden, at head of title. | ||
| 999 |
_c547 _d547 |
||